| 000 | 00692cam a2200205 4500 | ||
|---|---|---|---|
| 005 | 20260529090424.0 | ||
| 008 | 260529b sp |||||||| |||| 00| 0 spa d | ||
| 020 | _a8432929190 (V. 19) | ||
| 050 | 0 | 4 |
_aTH9 _bE53 1975 |
| 245 | 0 | 0 |
_aEnciclopedia CEAC de construcción _c / Francisco Arquero,...{et al.] |
| 250 | _a12a ed. | ||
| 260 |
_aBarcelona, España : _bEdiciones CEAC, _c1975 |
||
| 300 |
_av. : _bil. ; _c22 cm. |
||
| 490 | 0 | _aMonografías CEAC sobre Construcción y Arquitectura | |
| 500 | _aIncluye apéndice | ||
| 505 | 1 |
_tV. 19 Cálculo práctico del hormigón armado _r / Francisco Arquero |
|
| 650 | 7 |
_2lemb _aConstrucción |
|
| 700 | 1 |
_aArquero, F. _eautor |
|
| 942 |
_2lcc _cLIB |
||
| 999 |
_c132691 _d132691 |
||